00615nam a22001697a 4500020001800000082001300018100001800031245006200049250001200111260003900123300003200162500002000194650006200214942000700276999001700283952014500300 a9788132106487 a301.0723 aKumar, Ranjit aResearch Methodology : a step-by-step guide for beginners a3rd ed. aNew DelhibSAGE Publicationsc2011 axxi, 415 p.bill. ;e25 cm. aIncludes index. a1. Education -- Research -- Methodology. 2. Case method. cBK c12107d12107 00102ddc4070aCLbCLcGENd2013-07-03eAllied Book Companyg903.26l4m2o001.42 KUMpSEECS012530r2026-01-26s2025-09-25w2013-07-18yBK